1429 1324 1997 1753 1306 1442 1797 1207 1368 1841 1698 1141 1218 1638 1806 1438 1998 1918 1238 1839 1373 1070 1313 1873 1881 1374 1054 1679 1324 1578 1184 1365 1780 1177 1953 1562 1296 1495 1911 1291 1081 1369 1181 1409 1365 1635 1003 1732 1281 1801 1926 1560 1996 1832 1423 1697 1789 1640 1114 1475 1036 1029 1108 1824 1671 1624 1988 1818 1238 1889 1772 1166 1652 1531 1855 1245 1114 1932 1035 1613 1379 1302 1420 1348 1769 1321 1822 1101 1292 1240 1637 1038 1761 1974 1724 1503 1823 1469 1925 BCNSPRNW ULIB Ver.6.0+V

เปลี่ยนเป็นภาษาไทย

Change to English
 แสดงรายละเอียดบรรณานุกรม
  กลับหน้าหลัก

Brief Record : Get Marc (ISO 2709) : E-mail record : QR code < ปิดหน้าต่าง
LEADER : 00000nam 2200000uu 4500
001    13399121900
003     ULIB
008    121213s2549||||th 000 0 tha d
020    ^a9749773101
020    ^a978-9749773109
060 04 ^aWO100^bส364ศ ล.33 2549
245 00 ^aศัลยศาสตร์วิวัฒน์ 33 :^bวิทยาศาสตร์พื้นฐานทางศัลยศาสตร์ II/^cบรรณาธิการ, สมเกียรติ วัฒนศิริชัยกุล ... [และคนอื่นๆ]
246 30 ^aวิทยาศาสตร์พื้นฐานทางศัลยศาสตร์ II
250    ^aพิมพ์ครั้งที่ 1
260    ^aกรุงเทพฯ :^bกรุงเทพเวชสาร,^c2549
300    ^aก-ซ, 237 หน้า :^bภาพประกอบ ;^c22 ซม.
650  7 ^aศัลยศาสตร์
653    ^aผลงานอาจารย์คณะแพทยศาสตร์ศิริราชพยาบาล
700 0  ^aสมเกียรติ วัฒนศิริชัยกุล,^eบรรณาธิการ
945    ^p300^l0^i24845
995    ^aทศพร
999    ^aทศพร เกษรทอง
รายการนี้ยังไม่มีแท็ก
คุณยังไม่ได้ล็อกอิน คุณสามารถมีกิจกรรมร่วมกับเว็บไซต์ได้ แต่ต้องล็อกอินก่อน ::
  ล็อกอิน

รายการสื่อสารสนเทศ

ลำดับที่ ประเภท เลขเรียก/บาร์โค้ด สถานที่ สถานะ
1. วิทยาศาสตร์การแพทย์ และสุขภาพ
วิทยาศาสตร์การแพทย์ และสุขภาพ
WO100 ส364ศ ล.33 2549 ฉ.1 
  Barcode: 24845
ห้องสมุดวิทยาเขตสวรรค์ประชารักษ์
►หนังสือทั่วไป
บนชั้น

รายการใกล้เคียง
    หัวเรื่อง [ศัลยศาสตร์]

BibComment


ยังไม่เคยถูกคอมเมนท์

คอมเมนท์ทรัพยากรรายการนี้
  คอมเมนท์: ศัลยศาสตร์วิวัฒน..


 Copyright 2026. Bcnsprnw @Library